[Event "Copenhagen Chess Challenge 2020 - GM"]
[Site "Ballerup"]
[Date "2020.07.22"]
[Round "1"]
[White "Boe Olsen, Filip"]
[Black "Haldorsen, Benjamin"]
[Result "1/2-1/2"]
[WhiteElo "2353"]
[BlackElo "2460"]
[EventDate "2020.07.22"]
[EventRounds "9"]
[EventType "tourn"]
[EventCountry "DEN"]
[WhiteFideId "1440640"]
[BlackFideId "1512633"]

1. d4 e6 2. Bf4 f5 3. e3 Nf6 4. Nf3 b6 5. Bd3 Bb7 6. h3 g6 7. Nbd2 Bg7 8. c3 O-O 9. Qc2 d6 10. O-O Nh5 11. Bc4 Qe7 12. Qb3 Re8 13. Ng5 Bc8 14. Ngf3 h6 15. Bh2 Kh7 16. Bb5 Rf8 17. e4 f4 18. e5 dxe5 19. dxe5 Ba6 20. Bxa6 Nxa6 21. Ne4 c5 22. Rad1 Rad8 23. Qa4 Nb8 24. b4 cxb4 25. cxb4 Rd5 26. Nc3 Rxd1 27. Rxd1 Rc8 28. Ne2 Nc6 29. Nxf4 Nxf4 30. Bxf4 Qxb4 31. Qxb4 Nxb4 32. Rd7 Nd5 33. Bd2 Rc7 34. Rd6 Re7 35. Rd8 g5 36. h4 g4 37. Nd4 Kg6 38. Kf1 Kf7 39. Nb5 Bxe5 40. Bxh6 a6 41. Nd6+ Bxd6 42. Rxd6 Rc7 43. Bg5 a5 44. a4 Rb7 45. h5 Nf6 46. Bxf6 Kxf6 47. h6 b5 48. axb5 Rxb5 49. Ra6 Rh5 50. Ke2 Re5+ 51. Kd2 Kg6 52. f4 gxf3 53. gxf3 Kxh6 54. f4 Re4 55. f5 Kg5 56. fxe6 Kf6 57. Kc3 Rxe6 58. Rxe6+ Kxe6 59. Kb3 Kd6 60. Ka4 Kc6 61. Kxa5  1/2-1/2

[Event "Copenhagen Chess Challenge 2020 - GM"]
[Site "Ballerup"]
[Date "2020.07.22"]
[Round "1"]
[White "Rostgaard, Tobias Valentin"]
[Black "Grandelius, Nils"]
[Result "0-1"]
[WhiteElo "2372"]
[BlackElo "2651"]
[EventDate "2020.07.22"]
[EventRounds "9"]
[EventType "tourn"]
[EventCountry "DEN"]
[WhiteFideId "1408801"]
[BlackFideId "1710400"]

1. e4 c6 2. d4 d5 3. exd5 cxd5 4. c4 Nf6 5. Nc3 Nc6 6. Nf3 a6 7. cxd5 Nxd5 8. Bc4 Be6 9. Bb3 Na5 10. Ng5 Qd7 11. Nxe6 Qxe6+ 12. Kf1 Nxb3 13. Qxb3 Rd8 14. Nxd5 Qxd5 15. Qxd5 Rxd5 16. Be3 e6 17. Rc1 Kd7 18. Ke2 Bd6 19. Rhd1 h5 20. h3 h4 21. Rc3 Rb5 22. Rc2 Rg8 23. Rd3 f6 24. a4 Rc8 25. Kd1 Ra5 26. b3 Rxc2 27. Kxc2 Rh5 28. Rc3 Rh8 29. Kd3 b5 30. axb5 axb5 31. Rc1 Ra8 32. Rc2 Ra3 33. Kc3 Ra1 34. Rc1 Ra2 35. Rc2 Bb4+ 36. Kd3 Ra3 37. Rb2 Ra1 38. Ke4 f5+ 39. Kf4 Bc3 40. Rc2 b4 41. Bd2 Bxd2+ 42. Rxd2 Kd6 43. d5 exd5 44. Kxf5 Rb1 45. Rd3 Kc5 46. Kf4 Rb2 47. Kf3 d4 48. g3 hxg3 49. fxg3 Kd5 50. h4 Rc2 51. Kf4 Rc3 52. Rf3 d3  0-1

[Event "Copenhagen Chess Challenge 2020 - GM"]
[Site "Ballerup"]
[Date "2020.07.22"]
[Round "1"]
[White "Jacobsen, Mikkel Manosri"]
[Black "Hector, Jonny"]
[Result "0-1"]
[WhiteElo "2316"]
[BlackElo "2476"]
[EventDate "2020.07.22"]
[EventRounds "9"]
[EventType "tourn"]
[EventCountry "DEN"]
[WhiteFideId "1444514"]
[BlackFideId "1700090"]

1. d4 d5 2. c4 c6 3. Nf3 Nf6 4. e3 Bg4 5. Nc3 e6 6. h3 Bh5 7. Qb3 Qc7 8. Ne5 Nfd7 9. Nd3 f5 10. g4 dxc4 11. Qxc4 Bf7 12. Qa4 Be7 13. Bd2 O-O 14. Bg2 a5 15. O-O Na6 16. f4 Nb4 17. Nf2 Bh4 18. a3 Nb6 19. Qd1 Bxf2+ 20. Rxf2 Nd3 21. Re2 Nxb2 22. Qc2 N2c4 23. Bc1 Nd5 24. Na4 Nd6 25. Nc5 Qe7 26. Nd3 a4 27. Bd2 Nb5 28. Qb2 Rfd8 29. Ne5 Be8 30. Ree1 c5 31. dxc5 Qxc5 32. gxf5 exf5 33. Bb4 Nxb4 34. axb4 Qc3 35. Qa2+ Kh8 36. Qe6 Qxb4 37. Qxf5 Qe7 38. Bxb7 Nd6 39. Nc6 Bxc6  0-1

[Event "Copenhagen Chess Challenge 2020 - GM"]
[Site "Ballerup"]
[Date "2020.07.22"]
[Round "1"]
[White "Thybo, Jesper Sondergaard"]
[Black "Haubro, Martin"]
[Result "1-0"]
[WhiteElo "2590"]
[BlackElo "2437"]
[EventDate "2020.07.22"]
[EventRounds "9"]
[EventType "tourn"]
[EventCountry "DEN"]
[WhiteFideId "1438832"]
[BlackFideId "1414291"]

1. c4 e6 2. Nf3 d5 3. d4 Nf6 4. g3 Bb4+ 5. Bd2 Be7 6. Bg2 O-O 7. O-O c6 8. Qc2 Ne4 9. Bf4 Nd7 10. h4 h6 11. Nc3 f5 12. Nxe4 fxe4 13. Ne5 Nxe5 14. Bxe5 Bd6 15. f3 Bxe5 16. dxe5 Qb6+ 17. Kh2 Qc5 18. Rac1 exf3 19. exf3 dxc4 20. f4 b5 21. Qg6 Rd8 22. Rcd1 Bd7 23. Be4 Be8 24. Qh7+ Kf8 25. Qh8+ Kf7 26. f5 Rxd1 27. f6  1-0

[Event "Copenhagen Chess Challenge 2020 - GM"]
[Site "Ballerup"]
[Date "2020.07.22"]
[Round "1"]
[White "Antonsen, Mikkel"]
[Black "Johansson, Linus"]
[Result "1-0"]
[WhiteElo "2376"]
[BlackElo "2491"]
[EventDate "2020.07.22"]
[EventRounds "9"]
[EventType "tourn"]
[EventCountry "DEN"]
[WhiteFideId "1401378"]
[BlackFideId "1711113"]

1. c4 Nf6 2. Nc3 e5 3. Nf3 Nc6 4. e4 Bc5 5. Nxe5 Nxe5 6. d4 Bb4 7. dxe5 Nxe4 8. Qf3 Nxc3 9. bxc3 Ba5 10. Be2 d6 11. Qg3 Qe7 12. exd6 cxd6 13. Qxg7 Qe5 14. Qxe5+ dxe5 15. Bd2 Be6 16. O-O Rc8 17. Rab1 b6 18. Rfe1 O-O 19. Bf1 f6 20. Bh6 Rfd8 21. Re3 Kf7 22. Rg3 Rg8 23. Rxg8 Kxg8 24. Rd1 Kf7 25. Rd3 Kg6 26. Bd2 Bxc4 27. Rd7 a6 28. Ra7 Bxa2 29. Bd3+ f5 30. g4 Be6 31. Re7 e4 32. Rxe6+ Kf7 33. Bxa6 Rg8 34. Rc6 Rxg4+ 35. Kf1 f4 36. Bc4+ Kg7 37. Be6 Rh4 38. h3 b5 39. Bg4 h5 40. Bf5 e3 41. fxe3 fxe3 42. Bxe3 Bd8 43. Bd4+ Kf8 44. Ke2 Rf4 45. Bd3 Rh4 46. Rc8  1-0

[Event "Copenhagen Chess Challenge 2020 - GM"]
[Site "Ballerup"]
[Date "2020.07.23"]
[Round "2"]
[White "Boe Olsen, Filip"]
[Black "Rostgaard, Tobias Valentin"]
[Result "1-0"]
[WhiteElo "2353"]
[BlackElo "2372"]
[EventDate "2020.07.22"]
[EventRounds "9"]
[EventType "tourn"]
[EventCountry "DEN"]
[WhiteFideId "1440640"]
[BlackFideId "1408801"]

1. d4 Nf6 2. c4 e6 3. Nf3 Bb4+ 4. Bd2 Qe7 5. g3 Nc6 6. Bg2 O-O 7. O-O Bxd2 8. Nbxd2 d6 9. e4 e5 10. d5 Nb8 11. Ne1 a5 12. Nd3 Na6 13. Qc2 c6 14. dxc6 bxc6 15. c5 Nxc5 16. Nxc5 dxc5 17. Rfc1 Rd8 18. Nb3 Nd7 19. a4 Nf8 20. Qc3 Qc7 21. Nxc5 Rb8 22. Bf1 Ne6 23. Nxe6 Bxe6 24. Qxc6 Qxc6 25. Rxc6 Rxb2 26. Rc5 Rdd2 27. Rxa5 g6 28. Rxe5 Rxf2 29. a5 Ra2 30. Rxa2 Rxa2 31. a6 Ra1 32. Kf2 Rxf1+ 33. Kxf1 Bc4+ 34. Kf2 Bxa6 35. g4 h6 36. h4 Bc4 37. g5 hxg5 38. hxg5 Be6 39. Ke3 Ba2 40. Kd4 Kg7 41. Ra5 Be6 42. Ke5 Bb3 43. Ra7 Bc4 44. Kd6  1-0

[Event "Copenhagen Chess Challenge 2020 - GM"]
[Site "Ballerup"]
[Date "2020.07.23"]
[Round "2"]
[White "Grandelius, Nils"]
[Black "Jacobsen, Mikkel Manosri"]
[Result "1-0"]
[WhiteElo "2651"]
[BlackElo "2316"]
[EventDate "2020.07.22"]
[EventRounds "9"]
[EventType "tourn"]
[EventCountry "DEN"]
[WhiteFideId "1710400"]
[BlackFideId "1444514"]

1. e4 c6 2. d4 d5 3. exd5 cxd5 4. Bd3 Nc6 5. c3 Nf6 6. h3 g6 7. Nf3 Bg7 8. O-O O-O 9. Re1 Qc7 10. Be3 Nd7 11. Bf1 a6 12. Nbd2 b6 13. Nb3 Bb7 14. Qd2 Rfe8 15. Bh6 Bh8 16. Re3 Nf6 17. Bd3 Ne4 18. Bxe4 dxe4 19. Rxe4 Na5 20. Re2 Bxf3 21. gxf3 Nc4 22. Qf4 e5 23. dxe5 Rxe5 24. Kg2 b5 25. Nd4 Qd6 26. Rxe5 Bxe5 27. Qe4 Rc8 28. Re1 f5 29. Qb7 Rb8 30. Qa7 Qb6 31. Qe7 Qd6 32. Qa7 Qc7 33. Qxa6 Rb6 34. Qa8+ Rb8 35. Qd5+ Qf7 36. Qxf7+ Kxf7 37. Nc6 Re8 38. b3  1-0

[Event "Copenhagen Chess Challenge 2020 - GM"]
[Site "Ballerup"]
[Date "2020.07.23"]
[Round "2"]
[White "Hector, Jonny"]
[Black "Thybo, Jesper Sondergaard"]
[Result "1/2-1/2"]
[WhiteElo "2476"]
[BlackElo "2590"]
[EventDate "2020.07.22"]
[EventRounds "9"]
[EventType "tourn"]
[EventCountry "DEN"]
[WhiteFideId "1700090"]
[BlackFideId "1438832"]

1. e4 c5 2. Nf3 Nc6 3. d4 cxd4 4. Nxd4 e5 5. Nb5 d6 6. N1c3 a6 7. Na3 Be6 8. Nc4 Rb8 9. Ne3 Nf6 10. g3 h5 11. Bg2 h4 12. Ned5 Bxd5 13. exd5 Nd4 14. O-O Be7 15. Qd3 g6 16. a4 Nd7 17. a5 hxg3 18. fxg3 Nc5 19. Qd1 Bg5 20. b4 Bxc1 21. Rxc1 Qc7 22. Re1 Kf8 23. Rf1 Kg7 24. Rf2 Nd7 25. Ne4 f5 26. c3 Rbc8 27. Ng5 Rhe8 28. Rf1 Nb5 29. g4 f4 30. c4 Nd4 31. Rxf4 exf4 32. Qxd4+ Ne5 33. c5 Kg8 34. Ne6 Qf7 35. Rf1 g5 36. cxd6 Qf6 37. Kh1 Red8 38. Nxd8 Rxd8 39. h4 Qh8 40. Qb6 Qxh4+ 41. Kg1 Rd7 42. Qf2 Qxf2+ 43. Rxf2 Nxg4 44. Rc2 Rxd6 45. Rc7 Nf6 46. b5 axb5 47. Rxb7 g4 48. Rxb5 f3 49. Rb6 Rxb6  1/2-1/2

[Event "Copenhagen Chess Challenge 2020 - GM"]
[Site "Ballerup"]
[Date "2020.07.23"]
[Round "2"]
[White "Haubro, Martin"]
[Black "Antonsen, Mikkel"]
[Result "0-1"]
[WhiteElo "2437"]
[BlackElo "2376"]
[EventDate "2020.07.22"]
[EventRounds "9"]
[EventType "tourn"]
[EventCountry "DEN"]
[WhiteFideId "1414291"]
[BlackFideId "1401378"]

1. e4 e5 2. Bc4 Nf6 3. d3 Bc5 4. Nf3 Nc6 5. O-O d6 6. a4 O-O 7. c3 a6 8. Re1 h6 9. Nbd2 Re8 10. Nf1 Ba7 11. Ng3 d5 12. exd5 Nxd5 13. d4 Nb6 14. Bb3 exd4 15. Rxe8+ Qxe8 16. a5 Nd7 17. cxd4 Nf6 18. h3 Be6 19. Bf4 Nd5 20. Bxd5 Bxd5 21. Bxc7 Qe7 22. Be5 f6 23. Bf4 Qd7 24. Be3 Re8 25. Nh4 Be6 26. Qh5 Bf7 27. Qf3 Nxd4 28. Bxd4 Qxd4 29. Nhf5 Qb4 30. Qg4 Qxg4 31. hxg4 Rd8 32. Rc1 Rd7 33. b4 Kh7 34. Nh5 Bxh5 35. gxh5 Rd2 36. Rc7 Rd1+  0-1

[Event "Copenhagen Chess Challenge 2020 - GM"]
[Site "Ballerup"]
[Date "2020.07.23"]
[Round "2"]
[White "Haldorsen, Benjamin"]
[Black "Johansson, Linus"]
[Result "1/2-1/2"]
[WhiteElo "2460"]
[BlackElo "2491"]
[EventDate "2020.07.22"]
[EventRounds "9"]
[EventType "tourn"]
[EventCountry "DEN"]
[WhiteFideId "1512633"]
[BlackFideId "1711113"]

1. e4 c5 2. Nf3 Nc6 3. Bb5 g6 4. Bxc6 bxc6 5. O-O Bg7 6. Re1 Nh6 7. h3 O-O 8. c3 f5 9. e5 Nf7 10. d4 cxd4 11. cxd4 c5 12. dxc5 Bb7 13. Na3 e6 14. Nc4 Bd5 15. Qd4 g5 16. Nd6 Nxd6 17. cxd6 f4 18. Nh2 h5 19. f3 Qb6 20. Qxb6 axb6 21. Bd2 Bxa2 22. Nf1 Kh7 23. Bc3 Bd5 24. Nd2 Kg6 25. Rxa8 Rxa8 26. Ne4 Bc6 27. Kf2 b5 28. Nf6 Ra4 29. h4 Rc4 30. Rd1 b4 31. Rd4 Rxd4 32. Bxd4 gxh4 33. Kg1 h3 34. gxh3 Bxf6 35. exf6 Bxf3 36. h4 Bd5 37. Be5 b3 38. Kf2 Kf7 39. Ke2 Kg6 40. Kf2 Kf7 41. Ke2 Kg6  1/2-1/2

[Event "Copenhagen Chess Challenge 2020 - GM"]
[Site "Ballerup"]
[Date "2020.07.23"]
[Round "3"]
[White "Jacobsen, Mikkel Manosri"]
[Black "Boe Olsen, Filip"]
[Result "1-0"]
[WhiteElo "2316"]
[BlackElo "2353"]
[EventDate "2020.07.22"]
[EventRounds "9"]
[EventType "tourn"]
[EventCountry "DEN"]
[WhiteFideId "1444514"]
[BlackFideId "1440640"]

1. Nf3 d5 2. e3 Nf6 3. c4 e6 4. b3 c5 5. Bb2 Nc6 6. d4 cxd4 7. exd4 dxc4 8. bxc4 Bb4+ 9. Nbd2 O-O 10. Bd3 e5 11. d5 Bg4 12. O-O Nd4 13. Bxd4 exd4 14. Qc2 Bxd2 15. Nxd2 b5 16. cxb5 Rc8 17. Nc4 Qxd5 18. a4 Nh5 19. f4 Nf6 20. Rfe1 Bf5 21. Rac1 Bxd3 22. Qxd3 Qc5 23. Ne5 Qxc1 24. Rxc1 Rxc1+ 25. Kf2 h5 26. Qxd4 Rc2+ 27. Kf3 Ng4 28. Nxg4 hxg4+ 29. Kxg4 Rxg2+ 30. Kf3 Rxh2 31. Qxa7 Rb2 32. b6 Rc8 33. a5 Rc3+ 34. Ke4 Rcb3 35. Kd5 Kh7 36. Kc6 Rc3+ 37. Kb7 Ra3 38. a6 Re2 39. Qa8 Re7+ 40. Kc6 Re6+ 41. Kc5 Ra5+ 42. Kb4 Ra1 43. Qb7 Rb1+ 44. Kc5 Rc1+ 45. Kd5 Rb1 46. Qxf7 Rexb6 47. Qh5+ Kg8 48. Qe8+ Kh7 49. a7 Ra1 50. a8=Q Rxa8 51. Qxa8 Rb5+ 52. Ke6 Rb6+ 53. Ke7 Rf6 54. Qe4+ Kh6 55. Qe5 Ra6 56. Qd4 Rc6 57. f5 Kh7 58. Qe4 Rf6 59. Qe6 Rh6 60. Kf7  1-0

[Event "Copenhagen Chess Challenge 2020 - GM"]
[Site "Ballerup"]
[Date "2020.07.23"]
[Round "3"]
[White "Thybo, Jesper Sondergaard"]
[Black "Grandelius, Nils"]
[Result "1/2-1/2"]
[WhiteElo "2590"]
[BlackElo "2651"]
[EventDate "2020.07.22"]
[EventRounds "9"]
[EventType "tourn"]
[EventCountry "DEN"]
[WhiteFideId "1438832"]
[BlackFideId "1710400"]

1. d4 d5 2. c4 e6 3. Nf3 Nf6 4. g3 Bb4+ 5. Bd2 a5 6. Bg2 O-O 7. Qc2 c5 8. cxd5 cxd4 9. Nxd4 Qb6 10. e3 exd5 11. O-O Nc6 12. Nxc6 bxc6 13. Rc1 Rb8 14. Nc3 h5 15. a3 Be7 16. Na4 Qd8 17. Qxc6 Bf5 18. Qc7 Qe8 19. Nb6 Ne4 20. Nxd5 Bd6 21. Qc6 Qe6 22. Bxa5 Rxb2 23. Be1 h4 24. Nf4 Qe7 25. Nd5 Qe6 26. Nf4 Qe7 27. Nd5 Qe6  1/2-1/2

[Event "Copenhagen Chess Challenge 2020 - GM"]
[Site "Ballerup"]
[Date "2020.07.23"]
[Round "3"]
[White "Antonsen, Mikkel"]
[Black "Hector, Jonny"]
[Result "0-1"]
[WhiteElo "2376"]
[BlackElo "2476"]
[EventDate "2020.07.22"]
[EventRounds "9"]
[EventType "tourn"]
[EventCountry "DEN"]
[WhiteFideId "1401378"]
[BlackFideId "1700090"]

1. c4 e5 2. Nc3 Bb4 3. Nf3 Bxc3 4. bxc3 e4 5. Nd4 Nf6 6. g4 Nxg4 7. Rg1 Qh4 8. Rg3 d6 9. Qc2 f5 10. Qa4+ Bd7 11. Qb3 b6 12. c5 Qxh2 13. Rg2 Qe5 14. cxd6 c5 15. Nb5 Bxb5 16. Qxb5+ Nd7 17. Qb3 Qxd6 18. a4 Nde5 19. a5 c4 20. Qa2 Rd8 21. axb6 axb6 22. Rb1 Kf7 23. Qa7+ Nd7 24. Rb5 g6 25. Rxg4 fxg4 26. e3 Qc6 27. Qa2 Rc8 28. Qb1 Kg7 29. Ba3 Rhe8 30. Qb4 Re5 31. Rxe5 Nxe5 32. Qe7+ Nf7 33. Bb4 Re8 34. Qa7 h5 35. Qa2 Ne5 36. Qa7+ Kh6 37. Qa3 Nf3+ 38. Kd1 Qf6 39. Bxc4 h4 40. Bb5 h3 41. Bxe8 h2  0-1

[Event "Copenhagen Chess Challenge 2020 - GM"]
[Site "Ballerup"]
[Date "2020.07.23"]
[Round "3"]
[White "Johansson, Linus"]
[Black "Haubro, Martin"]
[Result "1-0"]
[WhiteElo "2491"]
[BlackElo "2437"]
[EventDate "2020.07.22"]
[EventRounds "9"]
[EventType "tourn"]
[EventCountry "DEN"]
[WhiteFideId "1711113"]
[BlackFideId "1414291"]

1. d4 Nf6 2. c4 e6 3. Nc3 Bb4 4. Nf3 b6 5. g3 Bb7 6. Bg2 O-O 7. Bd2 Re8 8. O-O d5 9. cxd5 exd5 10. Rc1 c6 11. Ne5 Bd6 12. e4 Bxe5 13. dxe5 Rxe5 14. exd5 cxd5 15. Bf4 Re8 16. Bg5 Na6 17. Qd4 Nc7 18. Rfd1 Rc8 19. Qa4 a6 20. Ne4 Qe7 21. Nxf6+ gxf6 22. Bh4 Qe5 23. Qb4 Nb5 24. Rxc8 Bxc8 25. h3 Kg7 26. Kh2 Qd6 27. Qd2 Qe5 28. Qb4 Qd6 29. Qb3 d4 30. Rd3 Re5 31. a4 Nc7 32. Qd1 Bf5 33. Rxd4 Qe7 34. Rd6 Re6 35. Rd7 Qc5 36. Qh5 Qxf2 37. Qxf7+ Kh6 38. Qg7+ Kh5 39. g4+ Kxh4 40. Qh6#  1-0

[Event "Copenhagen Chess Challenge 2020 - GM"]
[Site "Ballerup"]
[Date "2020.07.24"]
[Round "4"]
[White "Boe Olsen, Filip"]
[Black "Thybo, Jesper Sondergaard"]
[Result "0-1"]
[WhiteElo "2353"]
[BlackElo "2590"]
[EventDate "2020.07.22"]
[EventRounds "9"]
[EventType "tourn"]
[EventCountry "DEN"]
[WhiteFideId "1440640"]
[BlackFideId "1438832"]

1. d4 Nf6 2. c4 e6 3. Nc3 Bb4 4. e3 O-O 5. Bd3 c5 6. Nf3 Nc6 7. O-O Bxc3 8. bxc3 d6 9. e4 e5 10. d5 Ne7 11. Ne1 Ng6 12. g3 Re8 13. Ng2 Bh3 14. Rb1 Qd7 15. Bg5 Ng4 16. f3 h6 17. fxg4 hxg5 18. Rf5 Bxg2 19. Kxg2 f6 20. Rf2 Reb8 21. Rfb2 Qc7 22. Rb5 Nf8 23. Qb3 b6 24. Qd1 Nd7 25. R5b2 a6 26. Qf1 Rb7 27. a4 Rbb8 28. Qf5 Nf8 29. h4 gxh4 30. gxh4 Qd8 31. g5 g6 32. Qg4 Qd7 33. Qxd7 Nxd7 34. Be2 f5 35. h5 Rf8 36. h6 a5 37. Rf1 Kh7 38. Bd1 Kh8 39. Rbf2 fxe4 40. Rf7 Rxf7 41. Rxf7 Nf8 42. Rf6 Nh7 43. Rxg6 Rf8 44. Bg4 e3 45. Rg7 Rf4 46. Bd1 e4 47. Kg3 Rf5 48. g6 Nf8 49. Kg4 Rf2 50. Kg5 e2 51. Bxe2 Rxe2 52. Kf6 Rf2+ 53. Ke7 e3 54. Rf7 Nxg6+  0-1

[Event "Copenhagen Chess Challenge 2020 - GM"]
[Site "Ballerup"]
[Date "2020.07.24"]
[Round "4"]
[White "Rostgaard, Tobias Valentin"]
[Black "Jacobsen, Mikkel Manosri"]
[Result "0-1"]
[WhiteElo "2372"]
[BlackElo "2316"]
[EventDate "2020.07.22"]
[EventRounds "9"]
[EventType "tourn"]
[EventCountry "DEN"]
[WhiteFideId "1408801"]
[BlackFideId "1444514"]

1. d4 Nf6 2. Nf3 e6 3. c4 d5 4. e3 Be7 5. Nc3 O-O 6. b3 b6 7. Bd3 Bb7 8. Qc2 c5 9. cxd5 exd5 10. Ne5 Nc6 11. Nxc6 Bxc6 12. O-O h6 13. Bb2 Re8 14. Ne2 Bd6 15. Ng3 Ng4 16. Bf5 Qh4 17. Bxg4 Qxg4 18. Nf5 Bf8 19. f3 Qg6 20. g4 Bd7 21. Rae1 Rac8 22. Qb1 c4 23. bxc4 dxc4 24. Bc3 b5 25. Re2 b4 26. Be1 c3 27. Rg2 Rxe3 28. Bg3 Bxf5 29. gxf5 Qh5 30. Qc2 Rxf3 31. Rxf3 Qxf3 32. Be5 Re8 33. Rg3 Qh5 34. Kf1 Kh8 35. f6 g6 36. Rg2 Qf3+ 37. Rf2 Qh1+ 38. Ke2 Bd6 39. Qa4 Re6 40. Qd7 Qd5 41. Kf1 Qh1+ 42. Ke2 Bxe5 43. d5 Qe4+ 44. Kf1 Rxf6 45. Qe8+ Kg7  0-1

[Event "Copenhagen Chess Challenge 2020 - GM"]
[Site "Ballerup"]
[Date "2020.07.24"]
[Round "4"]
[White "Grandelius, Nils"]
[Black "Antonsen, Mikkel"]
[Result "1-0"]
[WhiteElo "2651"]
[BlackElo "2376"]
[EventDate "2020.07.22"]
[EventRounds "9"]
[EventType "tourn"]
[EventCountry "DEN"]
[WhiteFideId "1710400"]
[BlackFideId "1401378"]

1. d4 d5 2. c4 e6 3. Nc3 Nf6 4. cxd5 exd5 5. Bg5 c6 6. Qc2 h6 7. Bh4 g6 8. e3 Bf5 9. Bd3 Bxd3 10. Qxd3 Nbd7 11. Nge2 Be7 12. f3 O-O 13. O-O Re8 14. Rad1 a6 15. Bf2 h5 16. h3 Nh7 17. e4 dxe4 18. fxe4 c5 19. Nd5 Bf8 20. Nec3 Rc8 21. dxc5 Nxc5 22. Qf3 Re6 23. Bg3 Ng5 24. Nf6+ Qxf6 25. Qxf6 Rxf6 26. Rxf6 Ncxe4 27. Nxe4 Nxe4 28. Rf3 Bg7 29. b3 b5 30. Be1 Bf8 31. Kf1 b4 32. Rfd3 Rc2 33. Rd8 Kg7 34. R1d4 Nc3 35. R8d7 g5 36. Rd2 Rc1 37. Rf2 Ne4 38. Rfxf7+ Kg8 39. Ke2 Nc3+ 40. Bxc3 bxc3 41. Rc7 Bb4 42. Rg7+ Kf8 43. Rh7 Kg8 44. Rcg7+ Kf8 45. Rb7 Kg8 46. Rhg7+  1-0

[Event "Copenhagen Chess Challenge 2020 - GM"]
[Site "Ballerup"]
[Date "2020.07.24"]
[Round "4"]
[White "Hector, Jonny"]
[Black "Johansson, Linus"]
[Result "1/2-1/2"]
[WhiteElo "2476"]
[BlackElo "2491"]
[EventDate "2020.07.22"]
[EventRounds "9"]
[EventType "tourn"]
[EventCountry "DEN"]
[WhiteFideId "1700090"]
[BlackFideId "1711113"]

1. e4 c5 2. Nf3 Nc6 3. d4 cxd4 4. Nxd4 Nf6 5. Nc3 e5 6. Ndb5 d6 7. Bg5 a6 8. Na3 b5 9. Bxf6 gxf6 10. Nd5 f5 11. c3 Bg7 12. Bd3 Be6 13. Qh5 O-O 14. exf5 Bxd5 15. f6 e4 16. fxg7 Re8 17. Be2 Re5 18. Qh6 Qg5 19. Qxg5 Rxg5 20. Nc2 Be6 21. f4 exf3 22. Bxf3 Bd5 23. O-O-O Bxf3 24. gxf3 Rd8 25. f4 Rxg7 26. Rd2 f5 27. Rhd1 Rg6 28. Ne3 Ne7 29. Nd5 Nxd5 30. Rxd5 Rf6 31. R1d4 Kf7 32. a4 bxa4 33. Rxa4 Ke6 34. Rd2 Ra8 35. b4 Kd7 36. Kb2 Kc7 37. Ra5 Kb7 38. Kb3 Rc8 39. Rad5 Kc7 40. Re2 Kb7 41. Re3 Rc7 42. Red3 Rc6 43. Rd2 Kb6 44. h4 Rh6 45. Rh2 Rh5 46. c4 Rh6 47. Rxf5 Re6 48. Rc2 Re3+ 49. Rc3 Re1 50. Rh5 Rb1+ 51. Ka3 Rf1 52. Rf5 h5 53. Rc2 d5 54. Rxd5 Rxf4 55. Rxh5 Rcxc4 56. Rxc4 Rxc4 57. Ka4 Rf4 58. Rh6+ Kb7 59. h5 Rf5 60. Rh8 Kb6 61. h6 Rh5 62. Kb3 Rh4 63. Kc3 Ka7 64. Rh7+ Kb6 65. Rh8 Ka7 66. Kb3 Kb6 67. Ka4 Kb7 68. Kb3 Kb6 69. Kc3 Ka7 70. Kb3  1/2-1/2

[Event "Copenhagen Chess Challenge 2020 - GM"]
[Site "Ballerup"]
[Date "2020.07.24"]
[Round "4"]
[White "Haldorsen, Benjamin"]
[Black "Haubro, Martin"]
[Result "1/2-1/2"]
[WhiteElo "2460"]
[BlackElo "2437"]
[EventDate "2020.07.22"]
[EventRounds "9"]
[EventType "tourn"]
[EventCountry "DEN"]
[WhiteFideId "1512633"]
[BlackFideId "1414291"]

1. c4 e6 2. g3 d5 3. Bg2 Nf6 4. Nf3 dxc4 5. Qa4+ Nbd7 6. Qxc4 c5 7. Qb3 Qc7 8. O-O b6 9. Nc3 Bb7 10. d3 a6 11. Bf4 Bd6 12. Bxd6 Qxd6 13. Rfd1 O-O 14. d4 Qc7 15. Rac1 Rac8 16. dxc5 Nxc5 17. Qa3 Qb8 18. b4 Ncd7 19. b5 axb5 20. Nxb5 Rxc1 21. Rxc1 Rc8 22. Rxc8+ Qxc8 23. Nd6 Qa8 24. Qxa8+ Bxa8 25. Ng5 Bxg2 26. Kxg2 Kf8 27. f4 Ke7 28. Nc8+ Ke8 29. Kf3 Nd5 30. e4 Nc3 31. Nd6+ Ke7 32. Ngxf7 e5 33. a3 Nb1 34. a4 Nc3 35. fxe5 Nxa4 36. Ke3 Nxe5 37. Nxe5 Kxd6 38. Kd4 Nb2 39. Nf3 Nd1 40. e5+ Ke7 41. Kd5 Ne3+ 42. Kc6 Ke6 43. Kxb6 Nc4+ 44. Kc5 Nxe5 45. Ng5+ Kf5 46. Nxh7 Nf3  1/2-1/2

[Event "Copenhagen Chess Challenge 2020 - GM"]
[Site "Ballerup"]
[Date "2020.07.24"]
[Round "5"]
[White "Antonsen, Mikkel"]
[Black "Boe Olsen, Filip"]
[Result "1-0"]
[WhiteElo "2376"]
[BlackElo "2353"]
[EventDate "2020.07.22"]
[EventRounds "9"]
[EventType "tourn"]
[EventCountry "DEN"]
[WhiteFideId "1401378"]
[BlackFideId "1440640"]

1. c4 c6 2. d4 d5 3. Nf3 Nf6 4. e3 e6 5. Bd3 Nbd7 6. Nbd2 Bd6 7. O-O O-O 8. e4 dxe4 9. Nxe4 Nxe4 10. Bxe4 Nf6 11. Bc2 c5 12. Bg5 h6 13. Bh4 cxd4 14. Qxd4 g5 15. Rad1 Bxh2+ 16. Kxh2 Qxd4 17. Rxd4 gxh4 18. Ne5 b6 19. Rfd1 Bb7 20. Rxh4 Kg7 21. Rd3 Rh8 22. Rg3+ Kf8 23. Rf4 Ke7 24. Rg7 Rhg8 25. Rxf7+ Kd6 26. R4xf6 Kxe5 27. f4+  1-0

[Event "Copenhagen Chess Challenge 2020 - GM"]
[Site "Ballerup"]
[Date "2020.07.24"]
[Round "5"]
[White "Thybo, Jesper Sondergaard"]
[Black "Rostgaard, Tobias Valentin"]
[Result "1/2-1/2"]
[WhiteElo "2590"]
[BlackElo "2372"]
[EventDate "2020.07.22"]
[EventRounds "9"]
[EventType "tourn"]
[EventCountry "DEN"]
[WhiteFideId "1438832"]
[BlackFideId "1408801"]

1. c4 Nf6 2. Nc3 g6 3. e4 d6 4. d4 Bg7 5. h3 O-O 6. Be3 e5 7. d5 a5 8. g4 Na6 9. Nge2 Kh8 10. Ng3 Ng8 11. Qd2 Nc5 12. Be2 f5 13. exf5 gxf5 14. gxf5 Ne7 15. Bg5 Bf6 16. Bxf6+ Rxf6 17. Nh5 Rf7 18. f6 Ng8 19. Qg5 Nxf6 20. f4 e4 21. O-O-O Bd7 22. Rdf1 Qe7 23. Nxf6 Rxf6 24. Rhg1 Bxh3 25. Rf2 Bf5 26. Rfg2 Qf7 27. Nd1 Rg6 28. Qh5 Rf8 29. Qh4 Rxg2 30. Rxg2 Bg6 31. Rf2 Qf6 32. Qxf6+ Rxf6 33. Kd2 Bf7 34. Nc3 Rh6 35. Ke3 Rh3+ 36. Kd4 Bh5 37. Bf1 Rf3 38. Rxf3 Bxf3 39. Nb5 Na6 40. a3 Kg7 41. Nc3 Kf6 42. Bh3 h5 43. Nxe4+ Bxe4 44. Kxe4 Nc5+ 45. Kd4 a4 46. Ke3 Ke7 47. Kd4 Nb3+ 48. Ke3 Kf6 49. Bc8 Nc5 50. Bh3 h4 51. Bg4 Nb3 52. Bh3 Na5 53. Kd3 c5 54. Bg4 Nb3 55. Ke3 Nd4 56. Bh3 Ke7 57. Bf1 Kf6 58. Ke4 Kg6 59. Bh3 Kh5 60. Bd7 b6 61. Ke3 Kg6 62. Kd3 Nf3 63. Ke2 Nd4+ 64. Kd3 Kf6 65. Ke4 Nb3 66. Ke3 Nd4 67. Ke4 Nb3 68. Ke3 Nd4 69. Ke4 1/2-1/2